NHL Most Points by a Defenseman Single Season - Statistics

General Stats
  • This quiz has been taken 298 times
  • The average score is 21 of 25
Answer Stats
No. of Points Year Player % Correct
139 1970-71 Bobby Orr
99%
135 1974-75 Bobby Orr
99%
122 1973-74 Bobby Orr
99%
120 1969-70 Bobby Orr
99%
117 1971-72 Bobby Orr
99%
101 1972-73 Bobby Orr
99%
138 1985-86 Paul Coffey
91%
126 1983-84 Paul Coffey
91%
121 1984-85 Paul Coffey
91%
113 1988-89 Paul Coffey
91%
103 1989-90 Paul Coffey
91%
96 1982-83 Paul Coffey
91%
93 1990-91 Paul Coffey
91%
96 1983-84 Ray Bourque
88%
95 1986-87 Ray Bourque
88%
94 1990-91 Ray Bourque
88%
91 1993-94 Ray Bourque
88%
101 1978-79 Denis Potvin
70%
98 1975-76 Denis Potvin
70%
94 1977-78 Denis Potvin
70%
103 1990-91 Al MacInnis
66%
90 1989-90 Al MacInnis
66%
102 1991-92 Brian Leetch
66%
97 1992-93 Phil Housley
55%
91 1987-88 Gary Suter
24%
No matching quizzes found
Score Distribution
Percent of People with Each Score
Percentile by Number Answered
Your Score History
You have not taken this quiz